000 00565nam a22001577a 4500
082 _a491.543
_bPAR
100 _aParekh, Rauf
245 _aLughat aur Farhangain /
_cRauf Parekh
260 _aKarachi:
_bCity Book Point,
_c2021.
300 _a168 pages;
_c22 cm.
650 _aUrdu language — Dictionaries.
_9129583
880 _6100-01\(3\r
_a رؤف پاریکھ
880 _6245-02\(3\r
_aلغات اور فرہنگیں /
_bرؤف پاریکھ۔
880 _6260-03\(3\r
_aکراچی:
_bسٹی بک پوائنٹ،
_c2021ء۔
942 _2ddc
_cBK
999 _c614201
_d614201